| 000 | 00000nam##2200000za#4500 |
| 001 | 9.570612 |
| 003 | CaOODSP |
| 005 | 20220623092433 |
| 007 | cr ||||||||||| |
| 008 | 150406|1997||||xxc|||||o f|0| 0 eng|d |
| 040 | |aCaOODSP|beng |
| 043 | |an-cn--- |
| 086 | 1 |aC21-23/19E-PDF |
| 110 | 1 |aCanada. |bIndustry Canada. |
| 245 | 10|aAnalysis of international trade dispute settlement mechanisms and implications for Canada's agreement on internal trade : |h[electronic resource]|boccasional paper number 19, November 1997 / |cby E. Wayne Clendenning and Robert J. Clendenning. |
| 260 | |aOttawa - Ontario : |bIndustry Canada |cNovember 1997. |
| 300 | |a65p. |
| 490 | 1 |aOccasional paper|vNo. 19 |
| 500 | |aIncorrect catalogue number (C21-23/18) and ISBN (0-662-63225-7) printed in this publication. |
| 504 | |aBibliography. |
| 590 | |a11-09-Supp|b2011-06-30 |
| 720 | 1 |aClendenning, E. Wayne |
| 720 | 1 |aClendenning, Robert J. |
| 775 | 08|tAnalyse des mécanismes de règlement des différends commerciaux internationaux et conséquences pour l'accord canadien sur le commerce intérieur : |w(CaOODSP)9.601260 |
| 776 | 0#|tAnalysis of international trade dispute settlement mechanisms and implications for Canada's Agreement on Internal Trade / |w(CaOODSP)9.529734 |
| 776 | 0#|tAnalyse des mécanismes de règlement des différends commerciaux internationaux et conséquences pour l'accord canadien sur le commerce intérieur / |w(CaOODSP)9.529735 |
| 830 | #0|aOccasional paper (Canada. Industry Canada)|vNo. 19|w(CaOODSP)9.504752 |
| 856 | 40|ahttp://publications.gc.ca|qPDF|s511 KB|uhttps://publications.gc.ca/collections/Collection/C21-23-19E.pdf|yNo. 19 |